000
00446nam a2200169Ia 4500
008
090711s9999 xx 000 0 und d
082
_b
61134
100
_a
लागू िSतांामणी
245
_a
फरार
260
_c
1988
300
_a
198
600
_a
लागू िSतांामणी
630
_a
फरार
700
_a
लागू िSतांामणी
730
_a
फरार
942
_c
BOOK
999
_c
294117
_d
294117